[Event "Chess Festival Groningen 2019 B"]
[Site "Groningen , Netherlands"]
[Date "2019.12.22"]
[Round "2"]
[White "Reinders, Joan"]
[Black "Waardenburg, Marlinde"]
[Result "1/2-1/2"]
[WhiteElo "1872"]
[BlackElo "1735"]
[PlyCount "46"]
[EventDate "2019.12.??"]

1. e4 Nf6 2. e5 Nd5 3. c4 Nb6 4. a4 a5 5. Nf3 d6 6. exd6 cxd6 7. Nc3 g6 8. d4
Bg7 9. Nb5 O-O 10. Be2 Nc6 11. O-O Bg4 12. Ra3 d5 13. c5 Nd7 14. h3 Bxf3 15.
Bxf3 Nf6 16. Re1 h6 17. Bf4 Rc8 18. Rc3 Nb4 19. Qd2 Kh7 20. b3 Re8 21. Rce3 Nc6
22. Rc1 Qd7 23. Rce1 Qd8 1/2-1/2

[Event "Chess Festival Groningen 2019 B"]
[Site "Groningen , Netherlands"]
[Date "2019.12.22"]
[Round "2"]
[White "Saber, Anas"]
[Black "Van Mulken, Nanning"]
[Result "1-0"]
[WhiteElo "2008"]
[BlackElo "1605"]
[PlyCount "31"]
[EventDate "2019.12.??"]

1. e4 e5 2. Nf3 Nc6 3. Nc3 Nf6 4. d4 exd4 5. Nxd4 d6 6. Bf4 Be7 7. Qd2 Nh5 8.
Be3 a6 9. Be2 Nf6 10. O-O-O Ng4 11. f3 Nxd4 12. Qxd4 Bf6 13. e5 Nxe3 14. exf6
Nxd1 15. fxg7 Rg8 16. Rxd1 1-0

[Event "Chess Festival Groningen 2019 B"]
[Site "Groningen , Netherlands"]
[Date "2019.12.22"]
[Round "2"]
[White "Van de Pavoordt, Max"]
[Black "Matsumura, Cocoro"]
[Result "0-1"]
[WhiteElo "2016"]
[BlackElo "1805"]
[PlyCount "44"]
[EventDate "2019.12.??"]

1. d4 Nf6 2. c4 e6 3. g3 d5 4. Nf3 Be7 5. Bg2 O-O 6. O-O dxc4 7. Qc2 a6 8. a4
Bd7 9. Ne5 Nc6 10. Nxc6 Bxc6 11. Bxc6 bxc6 12. Rd1 Qd5 13. Nc3 Qh5 14. Kg2 Rfd8
15. e4 c5 16. dxc5 Rxd1 17. Nxd1 Rd8 18. Nc3 Ng4 19. h3 Ne5 20. g4 Qg6 21. f3
Qf6 22. f4 Nd3 0-1

[Event "Chess Festival Groningen 2019 B"]
[Site "Groningen , Netherlands"]
[Date "2019.12.22"]
[Round "2"]
[White "Visser, Johan"]
[Black "Pouw, Marcel"]
[Result "1/2-1/2"]
[WhiteElo "1716"]
[BlackElo "1880"]
[PlyCount "58"]
[EventDate "2019.12.??"]

1. a4 g6 2. e4 Bg7 3. f4 c5 4. Nf3 Nc6 5. Ra3 d6 6. Bb5 Bd7 7. O-O e6 8. Nc3
Nge7 9. Ne2 a6 10. Bxc6 Nxc6 11. Ng3 Qc7 12. Qe2 O-O 13. Nh4 f5 14. exf5 Nd4
15. Qd1 Nxf5 16. Nhxf5 exf5 17. c3 Rae8 18. d4 cxd4 19. cxd4 Qb6 20. Rd3 Bc6
21. Kh1 Be4 22. Nxe4 fxe4 23. Qb3+ Qxb3 24. Rxb3 Bxd4 25. Rxb7 e3 26. g4 Rxf4
27. Rxf4 e2 28. Bd2 Be3 29. Rff7 Bxd2 1/2-1/2

[Event "Chess Festival Groningen 2019 B"]
[Site "Groningen , Netherlands"]
[Date "2019.12.23"]
[Round "3"]
[White "Arnold, Lorin"]
[Black "De Jong, Mathijs"]
[Result "0-1"]
[WhiteElo "1647"]
[BlackElo "1967"]
[PlyCount "56"]
[EventDate "2019.12.??"]

1. e4 c6 2. d4 d5 3. exd5 cxd5 4. Bd3 Nc6 5. c3 Qc7 6. Nf3 Bg4 7. O-O e6 8. Re1
Bd6 9. h3 Bh5 10. Bg5 h6 11. Be3 Nge7 12. Nbd2 O-O 13. Qb1 f5 14. Be2 f4 15.
Ne5 Bxe2 16. Nxc6 Nxc6 17. Rxe2 fxe3 18. Rxe3 Rae8 19. Nf3 Qf7 20. Qc2 e5 21.
dxe5 Nxe5 22. Nxe5 Rxe5 23. Rae1 Rxe3 24. Rxe3 Re8 25. Rxe8+ Qxe8 26. g3 Qe1+
27. Kh2 Bc5 28. Kg2 Qe4+ 0-1

[Event "Chess Festival Groningen 2019 B"]
[Site "Groningen , Netherlands"]
[Date "2019.12.23"]
[Round "3"]
[White "Hofstra, Tijmen"]
[Black "Pellikaan, Govert"]
[Result "0-1"]
[WhiteElo "1710"]
[BlackElo "1984"]
[PlyCount "42"]
[EventDate "2019.12.??"]

1. e4 d5 2. exd5 Qxd5 3. Nf3 Nf6 4. Nc3 Qd6 5. d3 a6 6. g3 Nc6 7. Bg2 Bg4 8.
O-O O-O-O 9. Re1 Nd4 10. Bf4 Qc5 11. Be5 Nxf3+ 12. Bxf3 Bxf3 13. Qxf3 Nd7 14.
Bf4 Qf5 15. Qe4 Qxe4 16. dxe4 e6 17. a3 Nb6 18. b3 Bc5 19. Rad1 Bxa3 20. Be3
Bb4 21. Bd4 Rxd4 0-1

[Event "Chess Festival Groningen 2019 B"]
[Site "Groningen , Netherlands"]
[Date "2019.12.23"]
[Round "3"]
[White "Husers, Yannic"]
[Black "Arnold, Rhys"]
[Result "1/2-1/2"]
[WhiteElo "1903"]
[BlackElo "1668"]
[PlyCount "52"]
[EventDate "2019.12.??"]

1. e4 c5 2. Nf3 Nc6 3. d4 cxd4 4. Nxd4 e5 5. Nb5 d6 6. N1c3 a6 7. Na3 b5 8. Nd5
Nge7 9. c4 Nxd5 10. exd5 Ne7 11. cxb5 g6 12. Be3 Bd7 13. f3 Bg7 14. Qb3 O-O 15.
b6 Nf5 16. b7 Rb8 17. Ba7 Qh4+ 18. Bf2 Qd8 19. Qb4 a5 20. Qb3 Nd4 21. Bxd4 exd4
22. Ba6 Re8+ 23. Kf2 Qg5 24. Rad1 Re3 25. Bd3 Qh4+ 26. Kg1 a4 1/2-1/2

[Event "Chess Festival Groningen 2019 B"]
[Site "Groningen , Netherlands"]
[Date "2019.12.23"]
[Round "3"]
[White "Klein, Jorik"]
[Black "Torenbosch, Jorn"]
[Result "1/2-1/2"]
[WhiteElo "1859"]
[BlackElo "1821"]
[PlyCount "36"]
[EventDate "2019.12.??"]

1. e4 e6 2. d4 d5 3. Nd2 c5 4. exd5 Qxd5 5. Ngf3 cxd4 6. Bc4 Qd6 7. O-O Nf6 8.
Nb3 Nc6 9. Nbxd4 Nxd4 10. Qxd4 Qxd4 11. Nxd4 a6 12. a4 Bc5 13. Nb3 Ba7 14. Bf4
Nd5 15. Bd6 Bd7 16. Bc5 Bxc5 17. Nxc5 Bc6 18. a5 O-O-O 1/2-1/2

[Event "Chess Festival Groningen 2019 B"]
[Site "Groningen , Netherlands"]
[Date "2019.12.23"]
[Round "3"]
[White "Ritter, Uwe"]
[Black "Huizinga, Egbert"]
[Result "1-0"]
[WhiteElo "1981"]
[BlackElo "1705"]
[PlyCount "42"]
[EventDate "2019.12.??"]

1. e4 e5 2. Nf3 Nc6 3. Bc4 Bc5 4. c3 Nf6 5. d3 d6 6. O-O h6 7. Nbd2 O-O 8. h3
a5 9. a4 Ba7 10. Re1 Be6 11. Nf1 Bxc4 12. dxc4 Kh7 13. Ng3 Ne7 14. Nh4 Nfg8 15.
Be3 Bxe3 16. Rxe3 g5 17. Nhf5 Nxf5 18. Nxf5 Ne7 19. Qf3 Nxf5 20. Qxf5+ Kg7 21.
Rf3 Qe8 1-0

[Event "Chess Festival Groningen 2019 B"]
[Site "Groningen , Netherlands"]
[Date "2019.12.23"]
[Round "3"]
[White "Van Mulken, Nanning"]
[Black "Sprik, Sander"]
[Result "1/2-1/2"]
[WhiteElo "1605"]
[BlackElo "1791"]
[PlyCount "42"]
[EventDate "2019.12.??"]

1. c4 Nf6 2. Nc3 e6 3. e4 d5 4. e5 Nfd7 5. Nf3 dxc4 6. Bxc4 Nb6 7. Bb3 c5 8. d4
Nc6 9. Bg5 Be7 10. Bxe7 Qxe7 11. dxc5 Qxc5 12. Qd6 Qxd6 13. exd6 O-O 14. O-O-O
Bd7 15. Rhe1 Rac8 16. Kb1 Rfd8 17. Ne4 Na5 18. Bc2 Nd5 19. Ne5 f6 20. Nxd7 Rxd7
21. Ba4 Nc6 1/2-1/2

[Event "Chess Festival Groningen 2019 B"]
[Site "Groningen , Netherlands"]
[Date "2019.12.23"]
[Round "3"]
[White "Van de Pavoordt, Max"]
[Black "Broersma, Sven"]
[Result "1-0"]
[WhiteElo "2016"]
[BlackElo "1627"]
[PlyCount "69"]
[EventDate "2019.12.??"]

1. e4 c5 2. Nf3 d6 3. Bb5+ Bd7 4. Bxd7+ Qxd7 5. c4 Nc6 6. O-O g6 7. d4 cxd4 8.
Nxd4 Bg7 9. Be3 Nf6 10. f3 O-O 11. Nc3 Rab8 12. b3 Rfc8 13. Qd2 Ne8 14. Rac1 b6
15. Nd5 Ne5 16. h3 Nf6 17. Bg5 Nc6 18. Nxc6 Rxc6 19. Rce1 Re8 20. a4 Nxd5 21.
Qxd5 Rc5 22. Qd2 Qe6 23. f4 Rec8 24. Rf3 a6 25. f5 Qe5 26. Be3 R5c6 27. fxg6
fxg6 28. Qd5+ e6 29. Qxe5 Bxe5 30. Ref1 Bg7 31. Rf7 R6c7 32. Rxc7 Rxc7 33. Bxb6
Rb7 34. a5 Be5 35. b4 1-0

[Event "Chess Festival Groningen 2019 B"]
[Site "Groningen , Netherlands"]
[Date "2019.12.23"]
[Round "3"]
[White "Waardenburg, Marlinde"]
[Black "Bloem, Mark"]
[Result "0-1"]
[WhiteElo "1735"]
[BlackElo "1928"]
[PlyCount "70"]
[EventDate "2019.12.??"]

1. e4 c5 2. Nc3 Nc6 3. g3 g6 4. Bg2 Bg7 5. d3 Nf6 6. Be3 d6 7. Qd2 Ng4 8. Nf3
Nxe3 9. fxe3 O-O 10. O-O e6 11. Rab1 Rb8 12. Ne2 b5 13. Nf4 Qb6 14. h4 h5 15.
Qf2 Bd7 16. c3 b4 17. Rbc1 Qa5 18. Qc2 bxc3 19. bxc3 Qa3 20. Rf2 Rb6 21. d4
Rfb8 22. Nd2 cxd4 23. exd4 Nxd4 24. cxd4 Bxd4 25. Nb3 Bxf2+ 26. Kxf2 Rc6 27.
Qd1 Qxa2+ 28. Nd2 Rb2 29. Ke1 Qa3 30. Kf2 Qb4 31. Ke2 e5 32. Nd5 Bg4+ 33. Bf3
Qxe4+ 34. Kf1 Qd3+ 35. Ke1 Bxf3 0-1

[Event "Chess Festival Groningen 2019 B"]
[Site "Groningen , Netherlands"]
[Date "2019.12.23"]
[Round "3.3"]
[White "Kubat, Pavel"]
[Black "Zuiderweg, Edwin"]
[Result "0-1"]
[WhiteElo "1914"]
[BlackElo "1951"]
[PlyCount "72"]
[EventDate "2019.12.??"]

1. g3 d5 2. Bg2 c5 3. d4 cxd4 4. Qxd4 Nf6 5. Nf3 Nc6 6. Qd1 e5 7. O-O Be7 8. a3
O-O 9. b4 e4 10. Nd4 Nxd4 11. Qxd4 Ng4 12. c3 Bf6 13. Qd1 Be6 14. h3 Ne5 15.
Be3 Rc8 16. Bc5 Re8 17. Nd2 Nd7 18. Bd4 Bxd4 19. cxd4 Nb6 20. Rc1 Qd7 21. Kh2
Rxc1 22. Qxc1 Rc8 23. Qb1 Qa4 24. Qa1 Qc2 25. Rd1 Na4 26. Qb1 Nb2 27. Nxe4 Nxd1
28. Qxc2 Rxc2 29. Nc5 Rxe2 30. Nxb7 Rxf2 31. Kg1 Ra2 32. Na5 Ne3 33. Bf3 Rxa3
34. Kf2 Nc2 35. Nc6 Rb3 36. Bd1 Rb2 0-1

[Event "Chess Festival Groningen 2019 B"]
[Site "Groningen , Netherlands"]
[Date "2019.12.23"]
[Round "3.4"]
[White "De Vries, Leon"]
[Black "Waardenburg, Feline"]
[Result "1-0"]
[WhiteElo "1934"]
[BlackElo "1769"]
[PlyCount "75"]
[EventDate "2019.12.??"]

1. d4 Nf6 2. c4 g6 3. f3 d5 4. cxd5 Nxd5 5. e4 Nb6 6. Nc3 Bg7 7. Be3 O-O 8. Qd2
e6 9. h4 Nc6 10. O-O-O e5 11. d5 Nd4 12. h5 c6 13. hxg6 fxg6 14. Bh6 Rf7 15.
Bxg7 Rxg7 16. Nge2 Nc4 17. Qd3 cxd5 18. Nxd4 exd4 19. Qxd4 Qg5+ 20. Kb1 Ne3 21.
Nxd5 Nxd5 22. Qxd5+ Qxd5 23. Rxd5 Be6 24. Rd6 Re7 25. Rxe6 Rxe6 26. Bc4 Rae8
27. Rd1 Kf7 28. Rd6 Kf6 29. Rxe6+ Rxe6 30. Bxe6 Kxe6 31. Kc2 h5 32. Kd3 h4 33.
f4 Kf6 34. Ke3 g5 35. f5 b5 36. b4 a6 37. a3 Ke5 38. Kf3 1-0

[Event "Chess Festival Groningen 2019 B"]
[Site "Groningen , Netherlands"]
[Date "2019.12.23"]
[Round "3.6"]
[White "Salihbegovic, Edim"]
[Black "Van der Meer, Henk"]
[Result "1-0"]
[WhiteElo "2011"]
[BlackElo "1785"]
[PlyCount "84"]
[EventDate "2019.12.??"]

1. d4 Nf6 2. c4 d6 3. Nc3 g6 4. e4 Bg7 5. Nf3 O-O 6. Be2 e5 7. dxe5 dxe5 8.
Qxd8 Rxd8 9. Bg5 Re8 10. Nd5 Nxd5 11. cxd5 c6 12. Bc4 cxd5 13. Bxd5 Na6 14. a3
Nc7 15. Ba2 Be6 16. Bxe6 Nxe6 17. Be3 Nd4 18. O-O-O b6 19. Rhe1 Red8 20. Nxd4
exd4 21. Bg5 Rd7 22. Rd3 Rc8+ 23. Kb1 Rc5 24. h4 h6 25. Bf4 g5 26. hxg5 hxg5
27. Bd2 a5 28. Rc1 Rdc7 29. Bxg5 Rxc1+ 30. Bxc1 Re7 31. f3 Kf8 32. Bf4 Rd7 33.
a4 Ke8 34. Kc2 Re7 35. g4 Kd7 36. Rb3 Re6 37. Kd3 Rc6 38. e5 f6 39. Kxd4 fxe5+
40. Bxe5 Rd6+ 41. Ke4 Re6 42. Rb5 Bf8 1-0

[Event "Chess Festival Groningen 2019 B"]
[Site "Groningen , Netherlands"]
[Date "2019.12.24"]
[Round "4"]
[White "De Jong, Mathijs"]
[Black "Matsumura, Cocoro"]
[Result "1/2-1/2"]
[WhiteElo "1967"]
[BlackElo "1805"]
[PlyCount "68"]
[EventDate "2019.12.??"]

1. Nf3 d5 2. d4 Nf6 3. c4 e6 4. g3 Be7 5. Bg2 O-O 6. O-O dxc4 7. Qc2 a6 8. Qxc4
b5 9. Qc2 Bb7 10. Bd2 Be4 11. Qc1 c6 12. Rd1 Nbd7 13. Nc3 Bg6 14. Bf4 Qb6 15.
Ne5 Nxe5 16. Bxe5 Nd5 17. e4 Nxc3 18. Qxc3 Rac8 19. b4 f6 20. Bf4 e5 21. dxe5
fxe5 22. Be3 c5 23. Rac1 Qe6 24. bxc5 Qxa2 25. Ra1 Qc4 26. Qxc4+ bxc4 27. Rxa6
Bxc5 28. Bh3 Bxe3 29. Be6+ Kh8 30. fxe3 Rc5 31. Rad6 Ra5 32. Rd8 Ra8 33. Rxa8
Rxa8 34. Bxc4 Bxe4 1/2-1/2

[Event "Chess Festival Groningen 2019 B"]
[Site "Groningen , Netherlands"]
[Date "2019.12.24"]
[Round "4"]
[White "Pellikaan, Govert"]
[Black "Arnold, Kiri"]
[Result "1-0"]
[WhiteElo "1984"]
[BlackElo "1672"]
[PlyCount "39"]
[EventDate "2019.12.??"]

1. d4 Nf6 2. Nf3 c5 3. e3 e6 4. c3 d5 5. Bd3 Nc6 6. Nbd2 cxd4 7. exd4 Bd6 8.
O-O O-O 9. Re1 Qc7 10. Nf1 Re8 11. Bg5 Nd7 12. Ne3 Nf8 13. Nxd5 Qd7 14. Ne3 Ng6
15. Nc4 Be7 16. Bxe7 Ncxe7 17. Nce5 Nxe5 18. Nxe5 Qd5 19. Bxh7+ Kf8 20. Be4 1-0

[Event "Chess Festival Groningen 2019 B"]
[Site "Groningen , Netherlands"]
[Date "2019.12.24"]
[Round "4"]
[White "Torenbosch, Jorn"]
[Black "Ritter, Uwe"]
[Result "1-0"]
[WhiteElo "1821"]
[BlackElo "1981"]
[PlyCount "51"]
[EventDate "2019.12.??"]

1. e4 c5 2. b4 cxb4 3. a3 d5 4. exd5 Qxd5 5. Nf3 e5 6. axb4 Bxb4 7. Na3 Nc6 8.
Nb5 Qd8 9. c3 Be7 10. d4 exd4 11. Bf4 Kf8 12. Bc4 Bg4 13. O-O a6 14. Nbxd4 Nxd4
15. cxd4 Bd6 16. Bg5 Bxf3 17. Qxf3 Nf6 18. Qxb7 Bc7 19. Rfe1 Rb8 20. Qf3 Qxd4
21. Bxa6 h6 22. Be3 Qd6 23. g3 Kg8 24. Bf1 Qd5 25. Qe2 Kh7 26. Qc2+ 1-0

[Event "Chess Festival Groningen 2019 B"]
[Site "Groningen , Netherlands"]
[Date "2019.12.24"]
[Round "4"]
[White "Wissmann, Dolf"]
[Black "Pouw, Marcel"]
[Result "1-0"]
[WhiteElo "2092"]
[BlackElo "1880"]
[PlyCount "47"]
[EventDate "2019.12.??"]

1. e4 e5 2. Bc4 Nf6 3. Nc3 Nxe4 4. Qh5 Nd6 5. Bb3 Be7 6. d4 exd4 7. Nd5 O-O 8.
Nf3 c6 9. Nxe7+ Qxe7+ 10. Kf1 b6 11. Bg5 Ba6+ 12. Kg1 Qe4 13. Re1 Be2 14. Qh3
Re8 15. Qg3 Nf5 16. Qc7 Na6 17. Qxd7 Nc5 18. Qxf7+ Kh8 19. Bd2 Nxb3 20. Qxb3 c5
21. Ng5 c4 22. Qh3 Qh4 23. Qxf5 Bh5 24. Qxh7# 1-0

[Event "Chess Festival Groningen 2019 B"]
[Site "Groningen , Netherlands"]
[Date "2019.12.24"]
[Round "4.3"]
[White "Neuendorf, Max"]
[Black "Salihbegovic, Edim"]
[Result "1/2-1/2"]
[WhiteElo "1994"]
[BlackElo "2011"]
[PlyCount "134"]
[EventDate "2019.12.??"]

1. e4 e5 2. Nf3 Nf6 3. Nxe5 d6 4. Nf3 Nxe4 5. d4 d5 6. Bd3 Bd6 7. c4 c6 8. Qc2
O-O 9. O-O Na6 10. a3 Bg4 11. Ne5 Bf5 12. Nc3 c5 13. Nxd5 cxd4 14. Bxe4 Bxe4
15. Qxe4 Nc5 16. Qxd4 Nb3 17. Qc3 Nxa1 18. Bf4 Bxe5 19. Bxe5 f6 20. Bf4 Rc8 21.
Rxa1 b5 22. Ne3 bxc4 23. Nxc4 Qd5 24. b3 Rfd8 25. h3 Qe4 26. Be3 Rd3 27. Qb4
Rcd8 28. Qb5 a6 29. Qxa6 f5 30. Bg5 Re8 31. Nd6 Qd4 32. Qc4+ Qxc4 33. Nxc4 Rxb3
34. Be3 Rc3 35. Nb6 Re6 36. Nd5 Rb3 37. Nb4 Re4 38. Kf1 f4 39. Bd2 Rd4 40. Be1
Kf7 41. Ra2 Rc4 42. Nc2 f3 43. gxf3 Ra4 44. Kg2 Rb6 45. Bb4 Rg6+ 46. Kh2 Rf6
47. Nd4 h5 48. Re2 Ra8 49. Re7+ Kg6 50. Rd7 h4 51. Kg2 Kh7 52. Kf1 Rc8 53. Ke2
Rc1 54. f4 Rh1 55. Nf3 Rxf4 56. Bc3 Rxf3 57. Rxg7+ Kh6 58. Kxf3 Rxh3+ 59. Kg2
Rxc3 60. Ra7 h3+ 61. Kh2 Rf3 62. a4 Rxf2+ 63. Kxh3 Kg6 64. a5 Ra2 65. a6 Rb2
66. Ra8 Kg7 67. a7 Ra2 1/2-1/2

[Event "Chess Festival Groningen 2019 B"]
[Site "Groningen , Netherlands"]
[Date "2019.12.27"]
[Round "6"]
[White "Blok, Ronald"]
[Black "Arnold, Lorin"]
[Result "1-0"]
[WhiteElo "1814"]
[BlackElo "1647"]
[PlyCount "121"]
[EventDate "2019.12.??"]

1. d4 f5 2. c4 Nf6 3. Nc3 d6 4. g3 g6 5. Bg2 Bg7 6. Bg5 c6 7. Qd2 O-O 8. Nf3
Nbd7 9. Bh6 Qc7 10. Bxg7 Kxg7 11. d5 c5 12. Ng5 Ne5 13. b3 h6 14. f4 hxg5 15.
fxe5 dxe5 16. Rd1 e4 17. Qxg5 Rh8 18. Qf4 Qxf4 19. gxf4 Ng4 20. d6 Ne3 21. d7
Nxd1 22. dxc8=Q Raxc8 23. Kxd1 Rcd8+ 24. Kc2 Rh4 25. e3 Rd3 26. Nd1 Kf6 27. Bf1
Rd8 28. h3 g5 29. fxg5+ Kxg5 30. Rg1+ Kf6 31. Nc3 e6 32. Ne2 e5 33. Nc3 f4 34.
exf4 Rxf4 35. Nd5+ Kf5 36. Be2 Rf2 37. Kd2 Rh2 38. Ke1 Ke6 39. Rf1 Rxd5 40.
Bg4+ Kd6 41. Rf6+ Ke7 42. Re6+ Kf7 43. cxd5 Rxa2 44. Rxe5 Ra6 45. Rxe4 Rd6 46.
Be6+ Kf6 47. h4 b5 48. Rg4 a5 49. h5 Rd8 50. Bg8 Re8+ 51. Kd2 Re5 52. Rh4 Kg7
53. Be6 Kh6 54. Kd3 a4 55. bxa4 bxa4 56. Rxa4 Rxh5 57. Kc4 Kg7 58. Kxc5 Kf6 59.
Kd6 Rh1 60. Rf4+ Kg7 61. Kd7 1-0

[Event "Chess Festival Groningen 2019 B"]
[Site "Groningen , Netherlands"]
[Date "2019.12.27"]
[Round "6"]
[White "Bosker, Peter"]
[Black "Ritter, Uwe"]
[Result "0-1"]
[WhiteElo "2075"]
[BlackElo "1981"]
[PlyCount "90"]
[EventDate "2019.12.??"]

1. d4 Nf6 2. Nf3 e6 3. c4 c5 4. d5 exd5 5. cxd5 d6 6. Nc3 g6 7. Nd2 Nbd7 8. Nc4
Nb6 9. Ne3 Bg7 10. a4 Ng4 11. a5 Nxe3 12. Bxe3 Nd7 13. Bf4 Ne5 14. e4 a6 15.
Be2 O-O 16. O-O Rb8 17. Bg3 h5 18. h3 Qg5 19. Qc1 Qxc1 20. Rfxc1 f5 21. f4 Nf7
22. Bd3 Bd4+ 23. Bf2 Bxf2+ 24. Kxf2 fxe4 25. Bxe4 Ne5 26. Kg3 h4+ 27. Kxh4
Rxf4+ 28. Kg5 Rf2 29. Rc2 Rxc2 30. Bxc2 Kg7 31. Re1 Bd7 32. Rxe5 dxe5 33. Bxg6
Rf8 34. Ne4 c4 35. h4 Rf4 36. Kh5 Bf5 37. Bxf5 Rxf5+ 38. Ng5 e4 39. Kg4 Rxd5
40. Nxe4 Rxa5 41. Nd6 Rd5 42. Ne4 b5 43. Kf4 b4 44. g4 c3 45. bxc3 b3 0-1

[Event "Chess Festival Groningen 2019 B"]
[Site "Groningen , Netherlands"]
[Date "2019.12.27"]
[Round "6"]
[White "Christensen, John Christop"]
[Black "Broersma, Sven"]
[Result "1-0"]
[WhiteElo "1848"]
[BlackElo "1627"]
[PlyCount "41"]
[EventDate "2019.12.??"]

1. e4 c5 2. Nf3 d6 3. d4 cxd4 4. Nxd4 Nf6 5. Nc3 g6 6. f3 Bg7 7. Be3 O-O 8. Qd2
Nc6 9. O-O-O d5 10. Nxc6 bxc6 11. e5 Nd7 12. f4 Qa5 13. h4 Rb8 14. a3 Nb6 15.
h5 Bg4 16. Re1 c5 17. Kb1 Rb7 18. hxg6 fxg6 19. Rh4 Rfb8 20. Rxg4 d4 21. Ne4
1-0

[Event "Chess Festival Groningen 2019 B"]
[Site "Groningen , Netherlands"]
[Date "2019.12.27"]
[Round "6"]
[White "De Jong, Mathijs"]
[Black "Pouw, Marcel"]
[Result "1-0"]
[WhiteElo "1967"]
[BlackElo "1880"]
[PlyCount "69"]
[EventDate "2019.12.??"]

1. Nf3 Nf6 2. d4 e6 3. c4 b6 4. g3 Bb7 5. Bg2 Bb4+ 6. Bd2 a5 7. O-O O-O 8. Bg5
h6 9. a3 Be7 10. Bxf6 Bxf6 11. Nc3 d5 12. cxd5 exd5 13. Rc1 c6 14. e4 dxe4 15.
Nxe4 Be7 16. Ne5 a4 17. Nc3 Bf6 18. f4 Bxe5 19. fxe5 b5 20. Ne4 Bc8 21. Nd6 Bd7
22. Rf4 Ra7 23. Qh5 Qg5 24. Qf3 Be6 25. Qf2 Ra6 26. h4 Qe7 27. g4 f6 28. Ne4
Nd7 29. exf6 gxf6 30. Ng3 Qd6 31. Nh5 Bc4 32. Rxc4 bxc4 33. Qc2 f5 34. Qxc4+
Rf7 35. Qxa6 1-0

[Event "Chess Festival Groningen 2019 B"]
[Site "Groningen , Netherlands"]
[Date "2019.12.27"]
[Round "6"]
[White "Hofstra, Tijmen"]
[Black "Kumar, Prajit Sai"]
[Result "0-1"]
[WhiteElo "1710"]
[BlackElo "1534"]
[PlyCount "98"]
[EventDate "2019.12.??"]

1. e4 c5 2. Nf3 d6 3. Bc4 Nf6 4. e5 dxe5 5. Nxe5 e6 6. O-O Be7 7. d3 O-O 8. Nc3
Nbd7 9. Bf4 Nxe5 10. Bxe5 Bd7 11. Ne4 b5 12. Bxf6 Bxf6 13. Nxf6+ Qxf6 14. Bb3
Qxb2 15. a4 a6 16. Qf3 bxa4 17. Bxa4 Bxa4 18. Rxa4 Qxc2 19. Rc4 Qb3 20. Rxc5
Rad8 21. Rd1 Rd7 22. h3 Rfd8 23. Kh2 h6 24. Rc6 Qb7 25. Qe4 Rd4 26. Qf3 Rxd3
27. Rxd3 Rxd3 28. Qxd3 Qxc6 29. Qd8+ Kh7 30. Qd2 f5 31. Qb4 Qc7+ 32. g3 a5 33.
Qb5 Qd8 34. Kg1 Qd4 35. Kh2 Qd5 36. Qa4 Qc5 37. Qa2 Qd5 38. Qa4 e5 39. g4 Qd4
40. Qc2 Qe4 41. Qc5 Qf4+ 42. Kg2 fxg4 43. Qc2+ e4 44. hxg4 Qxg4+ 45. Kf1 h5 46.
Qc4 h4 47. f3 Qxf3+ 48. Kg1 h3 49. Kh2 Qg2# 0-1

[Event "Chess Festival Groningen 2019 B"]
[Site "Groningen , Netherlands"]
[Date "2019.12.27"]
[Round "6"]
[White "Huizinga, Egbert"]
[Black "Kastelijn, Twan"]
[Result "1-0"]
[WhiteElo "1705"]
[BlackElo "1984"]
[PlyCount "121"]
[EventDate "2019.12.??"]

1. e4 c5 2. Nf3 d6 3. d4 cxd4 4. Nxd4 Nf6 5. Nc3 a6 6. Be2 e5 7. Nb3 Be7 8. O-O
O-O 9. Be3 Be6 10. f4 exf4 11. Bxf4 Nc6 12. h3 d5 13. exd5 Nxd5 14. Nxd5 Qxd5
15. Qxd5 Bxd5 16. Bf3 Rad8 17. c3 h6 18. Rae1 Bh4 19. Bxd5 Rxd5 20. Rd1 Rfd8
21. Rxd5 Rxd5 22. g3 Bd8 23. Re1 g5 24. Be3 Ne5 25. Re2 Bc7 26. Kg2 Kh7 27. Bd4
Nc6 28. Bf2 Bd6 29. Nd2 Kg6 30. b3 Rd3 31. Ne4 Bf8 32. c4 Nd4 33. Bxd4 Rxd4 34.
Nc3 Rd3 35. Nd5 Bd6 36. g4 Rg3+ 37. Kf1 Rxh3 38. Rf2 Rh1+ 39. Ke2 Rh2 40. Ne7+
Kh7 41. Rxh2 Bxh2 42. c5 Bg1 43. b4 a5 44. c6 bxc6 45. bxa5 c5 46. a6 c4 47.
Nc6 h5 48. gxh5 g4 49. a7 Bxa7 50. Nxa7 c3 51. Nb5 c2 52. Kd2 Kh6 53. Nd4 Kxh5
54. a4 g3 55. a5 Kg4 56. Ne2 f5 57. a6 f4 58. a7 g2 59. a8=Q g1=Q 60. Qg8+ Kf3
61. Qxg1 1-0

[Event "Chess Festival Groningen 2019 B"]
[Site "Groningen , Netherlands"]
[Date "2019.12.27"]
[Round "6"]
[White "Husers, Yannic"]
[Black "Pompstra, Henk"]
[Result "1-0"]
[WhiteElo "1903"]
[BlackElo "1715"]
[PlyCount "57"]
[EventDate "2019.12.??"]

1. e4 e5 2. Nf3 Nc6 3. Bb5 f5 4. Nc3 fxe4 5. Nxe4 Nf6 6. Qe2 Qe7 7. O-O d5 8.
Nxf6+ gxf6 9. d4 e4 10. Nd2 Rg8 11. Qh5+ Qf7 12. Nxe4 Qxh5 13. Nxf6+ Kf7 14.
Nxh5 Nxd4 15. Bd3 Bg4 16. Nf4 Re8 17. Be3 Nf3+ 18. Kh1 Bd6 19. h3 Bxf4 20. Bxf4
Bxh3 21. gxh3 Re6 22. Rad1 Rf6 23. Bg3 Rh6 24. Be2 Rxh3+ 25. Kg2 Ng5 26. Rxd5
Rh6 27. Bc4 Ne6 28. Re5 b5 29. Rxe6 1-0

[Event "Chess Festival Groningen 2019 B"]
[Site "Groningen , Netherlands"]
[Date "2019.12.27"]
[Round "6"]
[White "Karsdorp, Nico"]
[Black "Arnold, Frieda"]
[Result "0-1"]
[WhiteElo "1812"]
[BlackElo "1840"]
[PlyCount "128"]
[EventDate "2019.12.??"]

1. c4 Nf6 2. Nc3 g6 3. e4 d6 4. d4 Nbd7 5. Nf3 Bg7 6. Be2 O-O 7. O-O Re8 8. h3
e5 9. d5 a5 10. Ne1 Nc5 11. Bf3 h6 12. Be3 b6 13. Nd3 Nxd3 14. Qxd3 Kh7 15. a4
Ng8 16. g4 Rf8 17. Bg2 Ne7 18. Kh2 Bd7 19. Nb5 Rh8 20. Qd2 Kg8 21. f4 exf4 22.
Bxf4 g5 23. Bg3 Ng6 24. Qf2 Bc8 25. Nd4 Be5 26. Nf5 Bxg3+ 27. Nxg3 Nf4 28. Qd4
Qe7 29. Rxf4 gxf4 30. Nh5 Qe5 31. Qxe5 dxe5 32. b3 Kf8 33. Rc1 Ke7 34. Ng7 Bd7
35. Kg1 Rhg8 36. Nf5+ Bxf5 37. exf5 h5 38. Bf3 hxg4 39. Bxg4 Kd6 40. Kf2 Rae8
41. Kf3 Kc5 42. Ke4 Kb4 43. f6 Kxb3 44. Bd7 Rd8 45. Bb5 Rg5 46. Rf1 Rh8 47.
Rf3+ Kb4 48. Bd7 Kc5 49. Bf5 Kd6 50. Rc3 Rg3 51. Rxg3 fxg3 52. Kf3 Rh6 53. Kxg3
Rxf6 54. Kg4 Kc5 55. h4 Kxc4 56. h5 Rh6 57. Kg5 Rh8 58. h6 Kxd5 59. h7 e4 60.
Kh6 e3 61. Bg4 Kd4 62. Be2 Kc3 63. Kg7 Rxh7+ 64. Kxh7 Kd2 0-1

[Event "Chess Festival Groningen 2019 B"]
[Site "Groningen , Netherlands"]
[Date "2019.12.27"]
[Round "6"]
[White "Konnen, Timo"]
[Black "Matsumura, Cocoro"]
[Result "1-0"]
[WhiteElo "1843"]
[BlackElo "1805"]
[PlyCount "105"]
[EventDate "2019.12.??"]

1. d4 Nf6 2. Nc3 d5 3. Bg5 Nbd7 4. f3 c5 5. e4 dxe4 6. fxe4 cxd4 7. Qxd4 Qa5 8.
Bd2 e5 9. Qf2 Bc5 10. Qg3 O-O 11. Nf3 Qb6 12. Bd3 Nh5 13. Qh4 Nf4 14. Bxf4 Qxb2
15. Rb1 Qxc3+ 16. Bd2 Qa3 17. Rf1 Be7 18. Qg3 Qxa2 19. Ke2 Qe6 20. Nh4 Bxh4 21.
Qxh4 Nc5 22. h3 Nxd3 23. cxd3 b6 24. Rbc1 Ba6 25. Rf5 g6 26. Rf3 f5 27. Rc7 h5
28. Re7 Qd6 29. Bg5 Rfe8 30. exf5 e4 31. Qxe4 Rxe7 32. Bxe7 Re8 33. f6 Kf7 34.
Qa4 b5 35. Qb3+ Qe6+ 36. Qxe6+ Kxe6 37. f7 Kxe7 38. fxe8=Q+ Kxe8 39. Rf6 Bb7
40. Rxg6 a5 41. g3 b4 42. Rb6 Bc8 43. Rb5 Bxh3 44. Rxa5 Be6 45. Kd2 Bf7 46. d4
Ke7 47. Rb5 b3 48. Ke3 Kf6 49. Kf4 Kg6 50. Rb6+ Kg7 51. Ke5 Bg8 52. d5 Kf8 53.
Rxb3 1-0